000 00590nam a2200181Ia 4500
008 151018s9999 xx 000 0 und d
082 _bRBASDV8781
_a891.462
100 _aहरी नारायण आपटे
245 _aसती पिंगला
250 _b2
260 _bआर्यभूषण मुद्रणालय
_c1965
300 _a81
600 _aहरी नारायण आपटे
630 _aसती पिंगला
700 _aहरी नारायण आपटे
730 _aसती पिंगला
942 _cBOOK
999 _c1011145
_d1011142